000 00934cam a22002654a 4500
001 UByD003908
003 AR-LpoUNG
005 20260114171823.0
008 890110s1988 ag ac b 000 0 spa d
020 _a9509447056
040 _aAUM
_bspa
_cAUM
_dDLC
_dAR-LpoUNG
_eaacr
041 0 _aspa
082 0 _aA868 397bor
100 1 _aBorges, Jorge Luis
245 1 0 _aBorges: el judaísmo e Israel
260 _aBuenos Aires :
_bCentro de Investigación y Difusión de la Cultura Sefaradí (CIDICSEF),
_c1988.
300 _a200 p. :
_bil., fot.
520 _aAntología de ensayos, poesías, entrevistas en las que Borges expone su pensar acerca del judaísmo.
600 1 0 _aBorges, Jorge Luis
650 0 _aJudaísmo
_zArgentina
650 4 _aLiteratura
710 2 _aCentro de Investigación y Difusión de la Cultura Sefaradí (Argentina)
942 _2ddc
_cLIB
999 _c66616
_d66616